000
00270nam a2200109Ia 4500
008
190914s9999||||xx |||||||||||||| ||und||
100
_a
Kevin Lane Keller
245
0
_a
Strategic Brand Mangement
260
_a
Canada
_b
Tata McGraw Hill
_c
2003
300
_a
160
942
_c
BK
999
_c
9716
_d
9716